|
|
|
|
| LEADER |
00798nam a22002057a 4500 |
| 008 |
170113b xxu||||| |||| 00| 0 eng d |
| 020 |
|
|
|a 9788126474219
|
| 082 |
|
|
|a 894.13
|b JES
|
| 100 |
|
|
|a ജെസ്മി, സിസ്റ്റര്
|
| 240 |
|
|
|a Penmayude vazhikal
|
| 245 |
|
|
|a പെണ്മയുടെ വഴികള് /
|c സിസ്റ്റര് ജെസ്മി
|
| 250 |
|
|
|a 1st ed.
|
| 260 |
|
|
|a കോട്ടയം :
|b ഡി.സി. ബുക്സ്,
|c 2016.
|
| 300 |
|
|
|a 231p.
|
| 650 |
|
|
|a Novel
|
| 650 |
|
|
|a നോവല്
|
| 700 |
|
|
|a Jesme, Sister
|
| 942 |
|
|
|2 ddc
|c BK
|
| 999 |
|
|
|c 16450
|d 16450
|
| 952 |
|
|
|0 0
|1 0
|2 ddc
|4 0
|6 894_130000000000000_JES
|7 0
|9 23063
|a MAIN
|b MAIN
|d 2017-01-13
|e DC Books
|g 210.00
|l 1
|o 894.13 JES
|p 23093
|r 2017-01-23
|s 2017-01-19
|t 1
|w 2017-01-13
|y BK
|